<?xml version="1.0" encoding="UTF-8"?>
<record
    xmlns:xsi="http://www.w3.org/2001/XMLSchema-instance"
    xsi:schemaLocation="http://www.loc.gov/MARC21/slim http://www.loc.gov/standards/marcxml/schema/MARC21slim.xsd"
    xmlns="http://www.loc.gov/MARC21/slim">

  <leader>02514nam2a2200361   4500</leader>
  <controlfield tag="001">RU\NLR\BIBL_A\011732378</controlfield>
  <controlfield tag="005">20250626120526.0</controlfield>
  <datafield tag="010" ind1=" " ind2=" ">
    <subfield code="a">978-5-7996-1996-1</subfield>
    <subfield code="b">&#x447;. 2</subfield>
  </datafield>
  <datafield tag="035" ind1=" " ind2=" ">
    <subfield code="a">(NLR Aleph) 011732378</subfield>
  </datafield>
  <datafield tag="090" ind1=" " ind2=" ">
    <subfield code="a">11534255</subfield>
    <subfield code="c">11534255</subfield>
  </datafield>
  <datafield tag="100" ind1=" " ind2=" ">
    <subfield code="a">20180618d2017    |||y0rusy50      ca</subfield>
  </datafield>
  <datafield tag="101" ind1="0" ind2=" ">
    <subfield code="a">rus</subfield>
  </datafield>
  <datafield tag="102" ind1=" " ind2=" ">
    <subfield code="a">RU</subfield>
  </datafield>
  <datafield tag="105" ind1=" " ind2=" ">
    <subfield code="a">a   j   000zy</subfield>
  </datafield>
  <datafield tag="106" ind1=" " ind2=" ">
    <subfield code="a">s</subfield>
  </datafield>
  <datafield tag="135" ind1=" " ind2=" ">
    <subfield code="a">crmn mmmancda</subfield>
  </datafield>
  <datafield tag="200" ind1="0" ind2=" ">
    <subfield code="a">&#x427;. 2</subfield>
    <subfield code="b">&#x42D;&#x43B;&#x435;&#x43A;&#x442;&#x440;&#x43E;&#x43D;&#x43D;&#x44B;&#x439; &#x440;&#x435;&#x441;&#x443;&#x440;&#x441;</subfield>
    <subfield code="e">[&#x43B;&#x430;&#x431;&#x43E;&#x440;&#x430;&#x442;&#x43E;&#x440;&#x43D;&#x44B;&#x439; &#x43F;&#x440;&#x430;&#x43A;&#x442;&#x438;&#x43A;&#x443;&#x43C;]</subfield>
  </datafield>
  <datafield tag="210" ind1=" " ind2=" ">
    <subfield code="d">2017</subfield>
    <subfield code="a">&#x411;. &#x43C;.</subfield>
  </datafield>
  <datafield tag="215" ind1=" " ind2=" ">
    <subfield code="a">103 &#x441;.</subfield>
    <subfield code="c">&#x446;&#x432;. &#x438;&#x43B;.</subfield>
  </datafield>
  <datafield tag="230" ind1=" " ind2=" ">
    <subfield code="a">&#x42D;&#x43B;&#x435;&#x43A;&#x442;&#x440;&#x43E;&#x43D;. &#x434;&#x430;&#x43D;.</subfield>
  </datafield>
  <datafield tag="300" ind1=" " ind2=" ">
    <subfield code="a">&#x417;&#x430;&#x433;&#x43B;. &#x441; &#x442;&#x438;&#x442;&#x443;&#x43B;. &#x44D;&#x43A;&#x440;&#x430;&#x43D;&#x430;</subfield>
  </datafield>
  <datafield tag="325" ind1=" " ind2=" ">
    <subfield code="a">&#x41A;&#x43E;&#x43F;&#x438;&#x44F; &#x434;&#x43E;&#x441;&#x442;&#x443;&#x43F;&#x43D;&#x430; &#x432; &#x42D;&#x43B;&#x435;&#x43A;&#x442;&#x440;&#x43E;&#x43D;. &#x431;-&#x43A;&#x435; &#x420;&#x41D;&#x411;</subfield>
  </datafield>
  <datafield tag="337" ind1=" " ind2=" ">
    <subfield code="a">&#x420;&#x435;&#x441;&#x443;&#x440;&#x441; &#x434;&#x43E;&#x441;&#x442;&#x443;&#x43F;&#x435;&#x43D; &#x432; &#x42D;&#x43B;&#x435;&#x43A;&#x442;&#x440;&#x43E;&#x43D;&#x43D;&#x43E;&#x439; &#x431;&#x438;&#x431;&#x43B;&#x438;&#x43E;&#x442;&#x435;&#x43A;&#x435; &#x420;&#x41D;&#x411;</subfield>
  </datafield>
  <datafield tag="461" ind1=" " ind2="0">
    <subfield code="1">001RU\NLR\BIBL_A\011396163</subfield>
    <subfield code="1">2001#$a&#x418;&#x43C;&#x438;&#x442;&#x430;&#x446;&#x438;&#x43E;&#x43D;&#x43D;&#x43E;&#x435; &#x43C;&#x43E;&#x434;&#x435;&#x43B;&#x438;&#x440;&#x43E;&#x432;&#x430;&#x43D;&#x438;&#x435; &#x432; AnyLogic 7$e&#x443;&#x447;&#x435;&#x431;&#x43D;&#x43E;&#x435; &#x43F;&#x43E;&#x441;&#x43E;&#x431;&#x438;&#x435;$e&#x434;&#x43B;&#x44F; &#x441;&#x442;&#x443;&#x434;&#x435;&#x43D;&#x442;&#x43E;&#x432; &#x432;&#x443;&#x437;&#x430;, &#x43E;&#x431;&#x443;&#x447;&#x430;&#x44E;&#x449;&#x438;&#x445;&#x441;&#x44F; &#x43F;&#x43E; &#x43D;&#x430;&#x43F;&#x440;&#x430;&#x432;&#x43B;&#x435;&#x43D;&#x438;&#x44E; 09.03.04 &#x41F;&#x440;&#x43E;&#x433;&#x440;&#x430;&#x43C;&#x43C;&#x43D;&#x430;&#x44F; &#x438;&#x43D;&#x436;&#x435;&#x43D;&#x435;&#x440;&#x438;&#x44F;$e&#x432; 2 &#x447;&#x430;&#x441;&#x442;&#x44F;&#x445;$f&#x41E;.&#x412;. &#x41B;&#x438;&#x43C;&#x430;&#x43D;&#x43E;&#x432;&#x441;&#x43A;&#x430;&#x44F;$g&#x41C;&#x438;&#x43D;&#x438;&#x441;&#x442;&#x435;&#x440;&#x441;&#x442;&#x432;&#x43E; &#x43E;&#x431;&#x440;&#x430;&#x437;&#x43E;&#x432;&#x430;&#x43D;&#x438;&#x44F; &#x438; &#x43D;&#x430;&#x443;&#x43A;&#x438; &#x420;&#x43E;&#x441;&#x441;&#x438;&#x439;&#x441;&#x43A;&#x43E;&#x439; &#x424;&#x435;&#x434;&#x435;&#x440;&#x430;&#x446;&#x438;&#x438;, &#x423;&#x440;&#x430;&#x43B;&#x44C;&#x441;&#x43A;&#x438;&#x439; &#x444;&#x435;&#x434;&#x435;&#x440;&#x430;&#x43B;&#x44C;&#x43D;&#x44B;&#x439; &#x443;&#x43D;&#x438;&#x432;&#x435;&#x440;&#x441;&#x438;&#x442;&#x435;&#x442; &#x438;&#x43C;&#x435;&#x43D;&#x438; &#x43F;&#x435;&#x440;&#x432;&#x43E;&#x433;&#x43E; &#x41F;&#x440;&#x435;&#x437;&#x438;&#x434;&#x435;&#x43D;&#x442;&#x430; &#x420;&#x43E;&#x441;&#x441;&#x438;&#x438; &#x411;.&#x41D;. &#x415;&#x43B;&#x44C;&#x446;&#x438;&#x43D;&#x430;, [&#x418;&#x43D;&#x441;&#x442;&#x438;&#x442;&#x443;&#x442; &#x444;&#x443;&#x43D;&#x434;&#x430;&#x43C;&#x435;&#x43D;&#x442;&#x430;&#x43B;&#x44C;&#x43D;&#x43E;&#x433;&#x43E; &#x43E;&#x431;&#x440;&#x430;&#x437;&#x43E;&#x432;&#x430;&#x43D;&#x438;&#x44F;]$v&#x427;. 2</subfield>
    <subfield code="1">700#1$a&#x41B;&#x438;&#x43C;&#x430;&#x43D;&#x43E;&#x432;&#x441;&#x43A;&#x430;&#x44F;$b&#x41E;. &#x412;.$g&#x41E;&#x43A;&#x441;&#x430;&#x43D;&#x430; &#x412;&#x438;&#x43A;&#x442;&#x43E;&#x440;&#x43E;&#x432;&#x43D;&#x430;</subfield>
    <subfield code="9">11480355</subfield>
    <subfield code="a">&#x41B;&#x438;&#x43C;&#x430;&#x43D;&#x43E;&#x432;&#x441;&#x43A;&#x430;&#x44F;, &#x41E;. &#x412;.</subfield>
    <subfield code="c">&#x415;&#x43A;&#x430;&#x442;&#x435;&#x440;&#x438;&#x43D;&#x431;&#x443;&#x440;&#x433;</subfield>
    <subfield code="d">2017</subfield>
    <subfield code="f">&#x41E;.&#x412;. &#x41B;&#x438;&#x43C;&#x430;&#x43D;&#x43E;&#x432;&#x441;&#x43A;&#x430;&#x44F;</subfield>
    <subfield code="n">&#x418;&#x437;&#x434;-&#x432;&#x43E; &#x423;&#x440;&#x430;&#x43B;&#x44C;&#x441;&#x43A;&#x43E;&#x433;&#x43E; &#x443;&#x43D;&#x438;&#x432;&#x435;&#x440;&#x441;&#x438;&#x442;&#x435;&#x442;&#x430;</subfield>
    <subfield code="o">&#x443;&#x447;&#x435;&#x431;&#x43D;&#x43E;&#x435; &#x43F;&#x43E;&#x441;&#x43E;&#x431;&#x438;&#x435; : &#x434;&#x43B;&#x44F; &#x441;&#x442;&#x443;&#x434;&#x435;&#x43D;&#x442;&#x43E;&#x432; &#x432;&#x443;&#x437;&#x430;, &#x43E;&#x431;&#x443;&#x447;&#x430;&#x44E;&#x449;&#x438;&#x445;&#x441;&#x44F; &#x43F;&#x43E; &#x43D;&#x430;&#x43F;&#x440;&#x430;&#x432;&#x43B;&#x435;&#x43D;&#x438;&#x44E; 09.-3.04 &#x41F;&#x440;&#x43E;&#x433;&#x440;&#x430;&#x43C;&#x43C;&#x43D;&#x430;&#x44F; &#x438;&#x43D;&#x436;&#x435;&#x43D;&#x435;&#x440;&#x438;&#x44F; : &#x432; 2 &#x447;&#x430;&#x441;&#x442;&#x44F;&#x445;</subfield>
    <subfield code="t">&#x418;&#x43C;&#x438;&#x442;&#x430;&#x446;&#x438;&#x43E;&#x43D;&#x43D;&#x43E;&#x435; &#x43C;&#x43E;&#x434;&#x435;&#x43B;&#x438;&#x440;&#x43E;&#x432;&#x430;&#x43D;&#x438;&#x435; &#x432; AnyLogic 7</subfield>
    <subfield code="y">9785799619954</subfield>
    <subfield code="v">&#x427;. 2</subfield>
  </datafield>
  <datafield tag="852" ind1="0" ind2="0">
    <subfield code="a">NLR</subfield>
    <subfield code="j">&#x42D;&#x411;</subfield>
  </datafield>
  <datafield tag="942" ind1=" " ind2=" ">
    <subfield code="c">BOOK</subfield>
  </datafield>
  <datafield tag="980" ind1=" " ind2=" ">
    <subfield code="a">NB</subfield>
  </datafield>
  <datafield tag="981" ind1="1" ind2="3">
    <subfield code="a">(13) &#x414;&#x43E;&#x43A;&#x443;&#x43C;&#x435;&#x43D;&#x442;&#x44B;, &#x437;&#x430;&#x449;&#x438;&#x449;&#x435;&#x43D;&#x43D;&#x44B;&#x435; &#x430;&#x432;&#x442;&#x43E;&#x440;&#x441;&#x43A;&#x438;&#x43C; &#x43F;&#x440;&#x430;&#x432;&#x43E;&#x43C;</subfield>
    <subfield code="b">(13) &#x421;&#x43E;&#x432;&#x440;&#x435;&#x43C;&#x435;&#x43D;&#x43D;&#x430;&#x44F; &#x43D;&#x430;&#x443;&#x447;&#x43D;&#x430;&#x44F;, &#x43D;&#x430;&#x443;&#x447;&#x43D;&#x43E;-&#x43F;&#x43E;&#x43F;&#x443;&#x43B;&#x44F;&#x440;&#x43D;&#x430;&#x44F; &#x438; &#x43F;&#x43E;&#x43F;&#x443;&#x43B;&#x44F;&#x440;&#x43D;&#x430;&#x44F; &#x43B;</subfield>
  </datafield>
</record>
